Proceso sumario de ilegitimidad en el Código Procesal Contencioso Administrativo de la provincia de Buenos Aires (Registro nro. 24039)

Detalles MARC
000 -LEADER
fixed length control field 00382 a2200109 4500
001 - CONTROL NUMBER
control field ART_31306
005 - DATE AND TIME OF LATEST TRANSACTION
control field 20260410161840.0
008 - FIXED-LENGTH DATA ELEMENTS--GENERAL INFORMATION
fixed length control field 260409a
100 1# - MAIN ENTRY--PERSONAL NAME
Personal name Tulia, Mauro A.
245 10 - TITLE STATEMENT
Title Proceso sumario de ilegitimidad en el Código Procesal Contencioso Administrativo de la provincia de Buenos Aires
773 0# - HOST ITEM ENTRY
Title RAP
Related parts - Año 37, Nº 433 (oct. 2014)
Record control number REV5941

No hay ítems disponibles.